|
|
|
|
| LEADER |
00000nas a22000007i 4500 |
| 001 |
ssj0012706 |
| 003 |
WaSeSS |
| 005 |
20200512172242.0 |
| 006 |
m d |
| 007 |
cr n |
| 008 |
020117c19uu9999miumr p s 0 a0eng |
| 010 |
|
|
|a 2013200321
|
| 022 |
|
|
|a 2329-2822
|y 1052-6994
|
| 035 |
|
|
|a (WaSeSS)ssj0012706
|
| 037 |
|
|
|b BNP Media, 2401 W. Big Beaver Rd., Suite 700, Troy MI 48084
|
| 040 |
|
|
|a HNK
|b eng
|c HNK
|d OCLCQ
|d NTE
|d UX1
|d OCLCQ
|d B3G
|d OCLCQ
|d DLC
|d OCLCF
|d AU@
|d VT2
|d WaSeSS
|
| 042 |
|
|
|a pcc
|a nsdp
|
| 043 |
|
|
|a n-us---
|
| 082 |
1 |
0 |
|a 729.6
|2 23
|
| 222 |
|
0 |
|a Stone world
|b (Online)
|
| 245 |
0 |
0 |
|a Stone world
|h [electronic resource].
|
| 260 |
|
|
|a Troy, MI :
|b Business News Publishing Company
|
| 260 |
3 |
|
|3 <2013-> :
|a Troy, MI :
|b BNP Media, Inc.
|
| 310 |
|
|
|a Monthly
|
| 362 |
1 |
|
|a Began in 1984.
|
| 506 |
|
|
|a License restrictions may limit access.
|
| 588 |
|
|
|a Description based on print.
|
| 588 |
|
|
|a Latest issue consulted: Vol. 30, no. 4 (April 2013) (stoneworld.com, viewed May 31, 2013).
|
| 650 |
|
0 |
|a Stone industry and trade
|v Periodicals.
|
| 650 |
|
0 |
|a Stone industry and trade
|z United States
|v Periodicals.
|
| 650 |
|
7 |
|a Stone industry and trade.
|2 fast
|0 (OCoLC)fst01133871
|
| 651 |
|
7 |
|a United States.
|2 fast
|0 (OCoLC)fst01204155
|
| 653 |
|
|
|a quarry
|
| 653 |
|
|
|a slab
|
| 653 |
|
|
|a saw
|
| 653 |
|
|
|a carve
|
| 653 |
|
|
|a abrasive
|
| 653 |
|
|
|a dust extractor
|
| 653 |
|
|
|a polish
|
| 655 |
|
0 |
|a Electronic journals.
|
| 776 |
0 |
8 |
|i Print version:
|t Stone world
|x 1052-6994
|w (DLC)sn 89029058
|w (OCoLC)19058030
|
| 856 |
4 |
0 |
|z Full text available from Research Library: 11/01/1998 to present
|u https://search.proquest.com/publication/34363
|